00330 a2200133 450000100060000008200170000610000200002324500570004325000060010026000260010630000220013250000250015460000170017937700 a621.3848 KIN aKingsley, Simon aUnderstanding radar systems, 1st EdcSimon Kingsley a1 aNJbMcGraw Hillc1993 a387 p.bphotocopy aBE textbook Avionics aShaun Quegan